[Event "Gipuzkoa-ch"]
[Site "Donostia"]
[Date "2015.10.03"]
[Round "1.8"]
[White "Irure Crespo, Egoitz"]
[Black "Puga Senar, Fernando"]
[Result "1/2-1/2"]
[WhiteElo "1992"]
[BlackElo "1775"]
[PlyCount "109"]
[EventDate "2015.10.03"]
[EventType "swiss"]
[EventRounds "7"]
[EventCountry "ESP"]
[SourceTitle "EXT 2024"]
[Source "ChessBase"]
[SourceDate "2023.10.10"]
[SourceVersion "1"]
[SourceVersionDate "2023.10.10"]
[SourceQuality "1"]

1. d4 Nf6 2. Nf3 g6 3. Nc3 d5 4. Bf4 Bg7 5. e3 a6 6. Be2 c5 7. Ne5 0-0 8. Qd2 cxd4 9. exd4 Nc6 10. h4 Qb6 11. Nxc6 Qxc6 12. h5 Bf5 13. hxg6 Bxg6 14. f3 Rfe8 15. 0-0-0 b5 16. a3 Rac8 17. Bd3 Nh5 18. Bxg6 Qxg6 19. Be3 Ng3 20. Rh3 Nf5 21. Nxd5 Bxd4 22. Bxd4 Nxd4 23. Nc3 Red8 24. Qf2 Nf5 25. Rxd8+ Rxd8 26. Ne4 Kh8 27. c3 f6 28. g4 Nd6 29. Qd4 Nf7 30. Qb6 Kg7 31. Qxa6 Rd5 32. Qb7 Re5 33. Rh1 f5 34. gxf5 Rxf5 35. Qa7 Kf8 36. Rg1 Qh6+ 37. Kb1 Ng5 38. Qb8+ Kf7 39. Qc8 Qg6 40. f4 Rxf4 41. Rxg5 Qxe4+ 42. Ka2 Kf6 43. Rxb5 Kf7 44. Rb4 Qd5+ 45. c4 Qe4 46. Qc5 Rf5 47. Qc7 Rf1 48. Kb3 Rf3+ 49. Ka4 Qa8+ 50. Qa5 Qc6+ 51. Qb5 Qa8+ 52. Qa5 Qc6+ 53. Rb5 Qxc4+ 54. Qb4 Qxb4+ 55. Rxb4 1/2-1/2

[Event "San Sebastian op 38th"]
[Site "San Sebastian"]
[Date "2015.03.30"]
[Round "4"]
[White "Puga Senar, Fernando"]
[Black "Felizes, Paulo Alberto"]
[Result "0-1"]
[WhiteElo "1796"]
[BlackElo "2017"]
[PlyCount "32"]
[EventDate "2015.03.28"]
[EventType "swiss"]
[EventRounds "9"]
[EventCountry "ESP"]
[SourceTitle "CBM 165 Extra"]
[Source "ChessBase"]
[SourceDate "2015.04.21"]
[SourceVersion "1"]
[SourceVersionDate "2015.04.21"]
[SourceQuality "1"]

1. d4 d5 2. c4 Nc6 3. cxd5 Qxd5 4. Nf3 e5 5. Nc3 Bb4 6. Bd2 Bxc3 7. Bxc3 e4 8. Ne5 Nxe5 9. dxe5 Qxd1+ 10. Rxd1 Be6 11. b3 Ne7 12. e3 Nd5 13. Bb2 Nb4 14. Rc1 0-0-0 15. Bc4 Bxc4 16. Ba3 Nd3+ 0-1

[Event "Gipuzkoa-ch"]
[Site "Donostia"]
[Date "2014.10.11"]
[Round "2.7"]
[White "Montolio Benedicto, Cesar"]
[Black "Puga Senar, Fernando"]
[Result "0-1"]
[WhiteElo "1898"]
[BlackElo "1774"]
[PlyCount "64"]
[EventDate "2014.10.04"]
[EventType "swiss"]
[EventRounds "7"]
[EventCountry "ESP"]
[SourceTitle "EXT 2024"]
[Source "ChessBase"]
[SourceDate "2023.10.10"]
[SourceVersion "1"]
[SourceVersionDate "2023.10.10"]
[SourceQuality "1"]

1. e4 e6 2. d3 d5 3. Nd2 g6 4. Ngf3 Bg7 5. g3 c5 6. Bg2 Nc6 7. 0-0 Nge7 8. Re1 0-0 9. e5 Qc7 10. Qe2 b5 11. Nf1 Nf5 12. h4 Nfd4 13. Nxd4 Nxd4 14. Qd1 Bxe5 15. c4 bxc4 16. dxc4 Bb7 17. Bh6 Bg7 18. Bxg7 Kxg7 19. b4 Nf5 20. cxd5 Rad8 21. Qc1 c4 22. Qc3+ Kg8 23. dxe6 Bxg2 24. exf7+ Qxf7 25. Kxg2 Rd3 26. Qe5 Nxh4+ 27. gxh4 Qxf2+ 28. Kh1 Rh3+ 29. Nh2 Qf3+ 30. Kg1 Rg3+ 31. Qxg3 Qxg3+ 32. Kh1 Rf2 0-1

[Event "Donostia Spring op 10th"]
[Site "Donostia"]
[Date "2014.05.31"]
[Round "4.11"]
[White "Puga Senar, Fernando"]
[Black "Lertxundi Azpiazu, Jon"]
[Result "0-1"]
[WhiteElo "1772"]
[BlackElo "1565"]
[PlyCount "74"]
[EventDate "2014.05.10"]
[EventType "swiss"]
[EventRounds "7"]
[EventCountry "ESP"]
[SourceTitle "EXT 2024"]
[Source "ChessBase"]
[SourceDate "2023.10.10"]
[SourceVersion "1"]
[SourceVersionDate "2023.10.10"]
[SourceQuality "1"]

1. d4 Nf6 2. c4 e5 3. dxe5 Ng4 4. Nf3 Bc5 5. e3 Nc6 6. Be2 Ngxe5 7. Nxe5 Nxe5 8. Nc3 0-0 9. a3 d6 10. Ne4 Bb6 11. b4 f5 12. Qd5+ Kh8 13. Ng3 c6 14. Qd1 Be6 15. Qc2 Qh4 16. f4 Ng4 17. Bxg4 Qxg4 18. 0-0 h5 19. Ne2 c5 20. bxc5 Bxc5 21. Nd4 Bxd4 22. exd4 Rac8 23. c5 Bd5 24. Rf2 dxc5 25. dxc5 Be4 26. Qc3 Rfd8 27. Bb2 Rd3 28. h3 Qg3 29. Qe1 Rcd8 30. Rc1 Qg6 31. Kh2 Qg3+ 32. Kg1 Qg6 33. Kh2 h4 34. Qg1 Qg3+ 35. Kh1 Qxh3+ 36. Qh2 Rd1+ 37. Rf1 Bxg2+ 0-1

[Event "Donostia Spring op 10th"]
[Site "Donostia"]
[Date "2014.05.10"]
[Round "1.3"]
[White "Ros Eskisabel, Jose Ramon"]
[Black "Puga Senar, Fernando"]
[Result "1/2-1/2"]
[WhiteElo "2094"]
[BlackElo "1772"]
[PlyCount "71"]
[EventDate "2014.05.10"]
[EventType "swiss"]
[EventRounds "7"]
[EventCountry "ESP"]
[SourceTitle "EXT 2024"]
[Source "ChessBase"]
[SourceDate "2023.10.10"]
[SourceVersion "1"]
[SourceVersionDate "2023.10.10"]
[SourceQuality "1"]

1. d4 Nf6 2. c4 g6 3. Nc3 d5 4. Bg5 Bg7 5. e3 Ne4 6. Bh4 Nxc3 7. bxc3 c5 8. Nf3 Nc6 9. cxd5 Qxd5 10. Bg3 cxd4 11. cxd4 Qa5+ 12. Qd2 Qxd2+ 13. Kxd2 0-0 14. Bb5 Be6 15. Bxc6 bxc6 16. Rhc1 Rfc8 17. Rc5 Bd5 18. a4 a5 19. Kd3 f5 20. Ke2 Bf8 21. Ne5 e6 22. Rc2 c5 23. Rac1 Bb3 24. Rc3 Bxa4 25. dxc5 Bc6 26. f3 a4 27. Kd2 a3 28. Nxc6 Rxc6 29. Be5 a2 30. R3c2 Rxc5 31. Rxc5 Bxc5 32. Rxc5 a1Q 33. Bxa1 Rxa1 34. Rc2 Rg1 35. Kd3 Kf7 36. Rd2 1/2-1/2

[Event "Donostia Spring op 09th"]
[Site "Donostia"]
[Date "2013.05.04"]
[Round "4"]
[White "Puga Senar, Fernando"]
[Black "Urretabizkaia Merino, Asier"]
[Result "0-1"]
[WhiteElo "1793"]
[BlackElo "2074"]
[PlyCount "98"]
[EventDate "2013.04.19"]
[EventType "swiss"]
[EventRounds "8"]
[EventCountry "ESP"]
[SourceTitle "EXT 2024"]
[Source "ChessBase"]
[SourceDate "2023.10.10"]
[SourceVersion "1"]
[SourceVersionDate "2023.10.10"]
[SourceQuality "1"]

1. d4 Nf6 2. c4 g6 3. Nc3 Bg7 4. e4 d6 5. f4 0-0 6. Nf3 c5 7. d5 e6 8. Be2 exd5 9. cxd5 Bg4 10. 0-0 Nbd7 11. Be3 Re8 12. Nd2 Bxe2 13. Qxe2 b5 14. Nxb5 Nxe4 15. Qf3 f5 16. Nxe4 Rxe4 17. Kh1 Qe7 18. Bd2 Nb6 19. Rae1 Bxb2 20. Rxe4 fxe4 21. Qe3 a6 22. Nc3 Bxc3 23. Qxc3 Nxd5 24. Qc4 Qe6 25. Re1 Nxf4 26. Qc2 Nd5 27. Rxe4 Rf8 28. h3 Qf5 29. Qc4 Qf1+ 30. Qxf1 Rxf1+ 31. Kh2 Kf7 32. Ra4 Rf2 33. Be1 Re2 34. Bg3 Nc3 35. Rxa6 d5 36. Bd6 Ne4 37. Be5 d4 38. a4 d3 39. Bf4 h5 40. a5 d2 41. Bxd2 Rxd2 42. Rc6 Rd6 43. Rxd6 Nxd6 44. a6 Nc8 45. Kg3 Ke6 46. Kf3 Kd5 47. Ke3 c4 48. Kd2 Kd4 49. Kc2 h4 0-1

[Event "San Sebastian Gros op 22nd"]
[Site "San Sebastian"]
[Date "2012.09.21"]
[Round "2"]
[White "Rodriguez Cabrera, Francisco Javier"]
[Black "Puga Senar, Fernando"]
[Result "1/2-1/2"]
[WhiteElo "1945"]
[BlackElo "1808"]
[PlyCount "53"]
[EventDate "2012.09.20"]
[EventType "swiss"]
[EventRounds "8"]
[EventCountry "ESP"]
[SourceTitle "EXT 2013"]
[Source "ChessBase"]
[SourceDate "2012.11.22"]
[SourceVersion "1"]
[SourceVersionDate "2012.11.22"]
[SourceQuality "1"]

1. e4 e6 2. d4 d5 3. Nc3 Ne7 4. Nf3 dxe4 5. Nxe4 Nf5 6. Bf4 Bd7 7. Ne5 Bd6 8. Nxd6+ cxd6 9. Nxd7 Qxd7 10. g4 Ne7 11. Bg2 d5 12. 0-0 Nbc6 13. Re1 Rc8 14. c4 0-0 15. c5 Ng6 16. Bd6 Rfe8 17. f4 b6 18. Qa4 Nh4 19. Re2 Nxg2 20. Rxg2 Qd8 21. Rd1 Na5 22. b3 Nb7 23. Qa3 bxc5 24. Bxc5 Nxc5 25. dxc5 Qc7 26. b4 a5 27. Rc1 1/2-1/2

[Event "San Sebastian Primavera de Gros op 8th"]
[Site "San Sebastian"]
[Date "2012.06.02"]
[Round "7"]
[White "Rodriguez Cabrera, Francisco Javier"]
[Black "Puga Senar, Fernando"]
[Result "1-0"]
[WhiteElo "1970"]
[BlackElo "1788"]
[PlyCount "51"]
[EventDate "2012.04.21"]
[EventType "swiss"]
[EventRounds "7"]
[EventCountry "ESP"]
[SourceTitle "EXT 2014"]
[Source "ChessBase"]
[SourceDate "2013.11.20"]
[SourceVersion "1"]
[SourceVersionDate "2013.11.20"]
[SourceQuality "1"]

1. e4 e6 2. d4 d5 3. Nc3 Nf6 4. Bg5 Be7 5. e5 Nfd7 6. Bxe7 Qxe7 7. Qh5 a6 8. 0-0-0 c5 9. f4 Nc6 10. dxc5 Nxc5 11. Nf3 b5 12. Bd3 Nxd3+ 13. Rxd3 Bd7 14. f5 0-0-0 15. Rhd1 Be8 16. Qg4 Bd7 17. Qf4 Qc5 18. Ng5 Rdf8 19. Nce4 dxe4 20. Rxd7 e3 21. Qe4 e2 22. Qxe2 Nxe5 23. Ne4 Nxd7 24. Nxc5 Nxc5 25. Qe5 Nb7 26. Rd3 1-0

[Event "San Sebastian Primavera de Gros 7th op"]
[Site "San Sebastian"]
[Date "2011.06.04"]
[Round "5.8"]
[White "Puga Senar, Fernando"]
[Black "Esnaola Gaston, Fernando"]
[Result "1/2-1/2"]
[WhiteElo "1770"]
[BlackElo "1934"]
[PlyCount "141"]
[EventDate "2011.05.07"]
[EventType "swiss"]
[EventRounds "7"]
[EventCountry "ESP"]
[SourceTitle "EXT 2024"]
[Source "ChessBase"]
[SourceDate "2023.10.10"]
[SourceVersion "1"]
[SourceVersionDate "2023.10.10"]
[SourceQuality "1"]

1. d4 d5 2. c4 e6 3. Nf3 Nf6 4. Bg5 Be7 5. Nc3 0-0 6. e3 h6 7. Bh4 b6 8. cxd5 Nxd5 9. Nxd5 Bxh4 10. Nxh4 exd5 11. Nf3 c5 12. dxc5 bxc5 13. Be2 Qa5+ 14. Qd2 Qxd2+ 15. Kxd2 Be6 16. b3 Nd7 17. Rac1 a5 18. Bb5 Rfc8 19. Rhd1 Nb6 20. Ne1 a4 21. Nd3 axb3 22. axb3 Ra5 23. Ba4 Nxa4 24. bxa4 c4 25. Nb2 Bf5 26. Kc3 Rb8 27. Rd2 Be6 28. Kd4 Ra7 29. Rc3 Kf8 30. f3 Ke7 31. Rdc2 Rab7 32. Nd1 Rb1 33. Rc1 R8b4 34. a5 Rxc1 35. Rxc1 Ra4 36. Rc2 Rxa5 37. e4 Kd6 38. Ne3 dxe4 39. fxe4 g5 40. g3 Ra3 41. Nxc4+ Bxc4 42. Kxc4 Ke5 43. Re2 Ra4+ 44. Kd3 Rd4+ 45. Kc3 Rxe4 46. Rf2 f5 47. Kd3 Rd4+ 48. Ke3 Ra4 49. Kf3 h5 50. Rd2 h4 51. Re2+ Kf6 52. Kg2 hxg3 53. hxg3 Kg6 54. Re5 Ra2+ 55. Kg1 Kf6 56. Rb5 Re2 57. Ra5 Re5 58. Ra6+ Re6 59. Ra5 Kg6 60. Kg2 Rf6 61. Kf3 g4+ 62. Kg2 Re6 63. Kf2 Kf6 64. Rb5 Rd6 65. Ra5 Ke6 66. Rb5 Rd5 67. Rb8 Ke5 68. Re8+ Kd4 69. Ra8 Ke4 70. Re8+ Re5 71. Ra8 1/2-1/2

[Event "Gipuzkoa Province-ch"]
[Site "Azkoitia"]
[Date "2010.11.13"]
[Round "5"]
[White "Puga Senar, Fernando"]
[Black "Izagirre Alsua, Aritz"]
[Result "1-0"]
[WhiteElo "1732"]
[BlackElo "1823"]
[PlyCount "97"]
[EventDate "2010.10.16"]
[EventType "swiss"]
[EventRounds "7"]
[EventCountry "ESP"]
[SourceTitle "EXT 2014"]
[Source "ChessBase"]
[SourceDate "2013.11.20"]
[SourceVersion "1"]
[SourceVersionDate "2013.11.20"]
[SourceQuality "1"]

1. d4 f5 2. c4 Nf6 3. Nc3 g6 4. g3 Bg7 5. Nh3 d6 6. Nf4 e5 7. dxe5 dxe5 8. Qxd8+ Kxd8 9. Nfd5 c6 10. Nxf6 Bxf6 11. Be3 Na6 12. Bg2 Be6 13. Rd1+ Kc7 14. b3 g5 15. 0-0 h5 16. Na4 b6 17. f4 gxf4 18. gxf4 Nb4 19. Rd2 e4 20. a3 Na6 21. Bd4 Bxd4+ 22. Rxd4 Rhg8 23. Rfd1 Rg4 24. e3 h4 25. Rd6 Re8 26. Kf2 Rg6 27. Bh3 Reg8 28. b4 Nb8 29. Nc3 Bd7 30. Rxg6 Rxg6 31. Ne2 c5 32. Rd5 cxb4 33. axb4 Be6 34. Bxf5 Bxf5 35. Rxf5 Nc6 36. b5 Na5 37. c5 bxc5 38. Rxc5+ Kb6 39. Re5 Nb7 40. Nd4 Nc5 41. Rh5 Nd3+ 42. Kf1 Rg4 43. Rg5 Rxg5 44. fxg5 Ne5 45. Kg2 Kc7 46. Kh3 Kd6 47. Kxh4 Ke7 48. Kg3 Kf7 49. Kf4 1-0

[Event "Gipuzkoa Province-ch"]
[Site "Azkoitia"]
[Date "2010.11.06"]
[Round "4"]
[White "Puga Senar, Fernando"]
[Black "Tejedor Txapartegi, Nabar"]
[Result "0-1"]
[WhiteElo "1732"]
[BlackElo "1995"]
[PlyCount "28"]
[EventDate "2010.10.16"]
[EventType "swiss"]
[EventRounds "7"]
[EventCountry "ESP"]
[SourceTitle "EXT 2014"]
[Source "ChessBase"]
[SourceDate "2013.11.20"]
[SourceVersion "1"]
[SourceVersionDate "2013.11.20"]
[SourceQuality "1"]

1. d4 d5 2. c4 e5 3. e3 exd4 4. Qxd4 Nc6 5. Qxd5 Bd6 6. Nc3 Nf6 7. Qd1 0-0 8. Nf3 Bg4 9. Be2 Qe7 10. b3 Rad8 11. Nd4 Bb4 12. Bb2 Nxd4 13. exd4 Rxd4 14. Qc2 Bxe2 0-1

[Event "Gipuzkoa Province-ch"]
[Site "Azkoitia"]
[Date "2010.10.16"]
[Round "1"]
[White "Garro Beraza, Julen"]
[Black "Puga Senar, Fernando"]
[Result "0-1"]
[WhiteElo "1959"]
[BlackElo "1732"]
[PlyCount "57"]
[EventDate "2010.10.16"]
[EventType "swiss"]
[EventRounds "7"]
[EventCountry "ESP"]
[SourceTitle "EXT 2014"]
[Source "ChessBase"]
[SourceDate "2013.11.20"]
[SourceVersion "1"]
[SourceVersionDate "2013.11.20"]
[SourceQuality "1"]

1. e4 e6 2. d4 d5 3. Nc3 Nf6 4. Bg5 Be7 5. e5 Nfd7 6. Bxe7 Qxe7 7. f4 a6 8. Nf3 c5 9. Qd2 Nc6 10. 0-0-0 cxd4 11. Nxd4 Nxd4 12. Qxd4 Qc5 13. Qd2 0-0 14. h4 b5 15. h5 Nb6 16. h6 g6 17. Bd3 b4 18. Ne2 Nc4 19. Qe1 Rb8 20. Qh4 f5 21. exf6 Qe3+ 22. Kb1 Nd2+ 23. Ka1 b3 24. axb3 Rb5 25. Nc3 Ra5+ 26. Na2 Ne4 27. Bxe4 Qxe4 28. Rhe1 Qxc2 29. f7+ 0-1

[Event "Gipuzkoa-ch"]
[Site "Zarautz"]
[Date "2009.11.14"]
[Round "4"]
[White "Puga Senar, Fernando"]
[Black "Segovia Sanchez, Antonio"]
[Result "0-1"]
[WhiteElo "1712"]
[BlackElo "2032"]
[PlyCount "44"]
[EventDate "2009.10.24"]
[EventType "swiss"]
[EventRounds "7"]
[EventCountry "ESP"]
[SourceTitle "EXT 2012"]
[Source "ChessBase"]
[SourceDate "2011.11.24"]
[SourceVersion "1"]
[SourceVersionDate "2011.11.24"]
[SourceQuality "1"]

1. d4 d5 2. c4 c6 3. Nf3 Nf6 4. Nc3 e6 5. Bg5 Be7 6. e3 Nbd7 7. cxd5 exd5 8. Bd3 0-0 9. 0-0 Re8 10. Re1 Nf8 11. Ne5 Ne4 12. Bxe7 Qxe7 13. f3 Nd6 14. Bc2 f6 15. Nd3 Qc7 16. e4 Qb6 17. Kh1 dxe4 18. fxe4 Qxd4 19. Qf3 Nc4 20. Rad1 Ne5 21. Qg3 Qb6 22. Nf4 Bg4 0-1

[Event "Gipuzkoa-ch"]
[Site "Zarautz"]
[Date "2009.11.07"]
[Round "3"]
[White "Argandona Riveiro, Jon"]
[Black "Puga Senar, Fernando"]
[Result "0-1"]
[WhiteElo "1996"]
[BlackElo "1712"]
[PlyCount "98"]
[EventDate "2009.10.24"]
[EventType "swiss"]
[EventRounds "7"]
[EventCountry "ESP"]
[SourceTitle "EXT 2012"]
[Source "ChessBase"]
[SourceDate "2011.11.24"]
[SourceVersion "1"]
[SourceVersionDate "2011.11.24"]
[SourceQuality "1"]

1. e4 e6 2. d3 d5 3. Nd2 c5 4. Ngf3 Nc6 5. g3 g6 6. Bg2 Bg7 7. 0-0 Nge7 8. Re1 0-0 9. c3 Rb8 10. Nf1 dxe4 11. dxe4 b6 12. Bf4 e5 13. Bg5 Qc7 14. Qe2 Be6 15. h4 h6 16. Bc1 Rbd8 17. Ne3 Nc8 18. Nh2 Nd6 19. Neg4 h5 20. Ne3 Qe7 21. Nhf1 Qd7 22. Nd2 Ne7 23. Rd1 Qc7 24. Nd5 Qb7 25. Nc4 Nxc4 26. Qxc4 Nxd5 27. exd5 Bg4 28. f3 Bf5 29. Bg5 Rd6 30. g4 hxg4 31. fxg4 Bd7 32. Qe4 Qc8 33. Be7 Rf6 34. Bxf6 Bxf6 35. g5 Bg7 36. d6 c4 37. Kh2 Qc5 38. Rd2 Bf5 39. Qf3 e4 40. Qe2 Be5+ 41. Kh1 Bxd6 42. Bxe4 Re8 43. Rd4 Qe5 44. Re1 Bc5 45. Rxc4 Qg3 46. Rxc5 Qxh4+ 47. Kg1 bxc5 48. Rf1 Rxe4 49. Qh2 Rg4+ 0-1

[Event "San Sebastian Nagusia op"]
[Site "San Sebastian"]
[Date "2008.12.06"]
[Round "7"]
[White "Puga Senar, Fernando"]
[Black "Guerrero Itarte, Alfredo"]
[Result "1/2-1/2"]
[WhiteElo "1704"]
[BlackElo "1910"]
[PlyCount "49"]
[EventDate "2008.10.25"]
[EventType "swiss"]
[EventRounds "7"]
[EventCountry "ESP"]
[SourceTitle "EXT 2011"]
[Source "ChessBase"]
[SourceDate "2010.11.26"]
[SourceVersion "1"]
[SourceVersionDate "2010.11.26"]
[SourceQuality "1"]

1. d4 Nf6 2. c4 g6 3. Nc3 Bg7 4. e4 d6 5. f4 0-0 6. Nf3 c5 7. d5 e6 8. Bd3 b5 9. Nxb5 exd5 10. cxd5 Re8 11. Nc3 Nxe4 12. Nxe4 f5 13. Nfd2 fxe4 14. Be2 Qh4+ 15. g3 Qh3 16. Bf1 Qd7 17. Nc4 Na6 18. Bd2 Nb4 19. Bxb4 cxb4 20. Rc1 e3 21. Be2 Ba6 22. 0-0 Bxc4 23. Rxc4 Bxb2 24. Rxb4 Ba3 25. Rb3 1/2-1/2